000 00532nam a22001817a 4500
005 20251108164712.0
008 250721s1978 xx 000 0 ara d
082 1 4 _a811.9095662/إضا
245 1 0 _aإضاءات نقدية :
_bعبد العزيز المقالح /
264 1 _aبيروت :
_bدار العودة،
_c1978.
300 _a247ص
650 1 7 _aالشعر العربي
650 1 7 _aالتاريخ الأدبي
650 1 7 _aالنقد الأدبي
650 1 7 _aاليمن
942 _2ddc
_cBK
999 _c12245
_d12245